|
|
|
|
| LEADER |
00000ncm a2200000 a 4500 |
| 001 |
vtls010627357 |
| 003 |
SK-MaSNL |
| 005 |
20260331205456.0 |
| 007 |
qu |
| 008 |
251117s2014 xo sgauj b slo |
| 015 |
|
|
|a SNBH2015
|
| 024 |
2 |
|
|a 9790685060109 (brož.)
|
| 040 |
|
|
|a SNK
|b slo
|c SNK
|e AACR2
|
| 041 |
0 |
|
|a slo
|
| 043 |
|
|
|a e-xo---
|
| 044 |
|
|
|a xo
|c SK
|
| 048 |
|
|
|b cd01
|a ka01
|
| 072 |
|
7 |
|a 784
|x Vokálna hudba
|2 konspekt
|
| 080 |
|
|
|a 78.087.681.088
|2 2001
|
| 080 |
|
|
|a 784.3/.7
|2 2001
|
| 080 |
|
|
|a 82-192
|2 2001
|
| 080 |
|
|
|a 78.089.6
|2 2001
|
| 084 |
|
|
|a 2.2.1.
|2 snlmc
|
| 100 |
1 |
|
|a Hatrík, Juraj,
|d 1941-2021
|4 cmp
|4 adp
|9 212361
|
| 245 |
1 |
0 |
|a Ajhľa, príroda!
|h hudobnina
|b cykly 1- a 2-hlasných detských zborových obrazov so sprievodom klavíra na texty slovenských ľudových hádaniek (upravených, doplnených a zostavených autorom)
|n III.
|p Nie som človek, predsa žijem... [2. cyklus: Živočíchy - Animalia]
|c Juraj Hatrík
|
| 246 |
3 |
0 |
|a Nie som človek, predsa žijem... [2. cyklus: Živočíchy - Animalia]
|
| 254 |
|
|
|a Partitúra
|
| 260 |
|
|
|a Bratislava
|b H plus
|c 2014
|
| 300 |
|
|
|a 1 partitúra (S. 47-117)
|b ilustr.
|c 30 cm
|
| 366 |
|
|
|e 50 výt.
|
| 382 |
|
|
|a detský zbor a klavír
|
| 500 |
|
|
|a Na obálke Kveta Fulierová: Galaxie a galakoncerty - Hommage á Peter Dvorský
|
| 505 |
0 |
0 |
|t Na dvore --
|t Za vodou les
|
| 648 |
|
7 |
|a 20.-21. stor.
|2 SNKPH
|9 270701
|
| 648 |
|
7 |
|a 20th-21st centuries
|2 SNKPHeng
|9 285312
|
| 650 |
0 |
7 |
|a detské zbory, úpravy
|2 SNKPH
|9 494604
|
| 650 |
0 |
7 |
|a piesňové cykly
|2 SNKPH
|9 256375
|
| 650 |
0 |
7 |
|a zhudobnená poézia
|2 SNKPH
|9 84202
|
| 650 |
0 |
7 |
|a Children's choirs, arrangement
|2 SNKPHeng
|9 494605
|
| 650 |
0 |
7 |
|a Poetry set to music
|2 SNKPHeng
|9 310986
|
| 650 |
0 |
7 |
|a Song cycles
|2 SNKPHeng
|9 494606
|
| 651 |
|
7 |
|a Slovensko
|2 SNKPH
|9 14231
|
| 651 |
|
7 |
|a Slovakia
|2 SNKPHeng
|9 92630
|
| 655 |
|
7 |
|a partitúry
|2 SNKPH
|9 70123
|
| 655 |
|
7 |
|a Scores
|2 SNKPHeng
|9 285331
|
| 919 |
|
|
|a 979-0-68506-010-9
|
| 958 |
|
|
|a DB
|
| 999 |
|
|
|c 938017
|d 939947
|
| 952 |
|
|
|a SNK
|b SNK
|y PREZ
|7 0
|p 17A1117513
|o snkHSB 4559/3
|i snk2014/21387
|8 0
|0 0
|1 0
|4 0
|d 2014-10-10
|l 0
|r 2026-02-24 09:09:30
|w 2026-02-24
|
| 952 |
|
|
|a SNK
|b SNK
|y PREZ
|7 0
|p 17A1117514
|o snkHSB 4559/3 D1
|i snk2014/21388
|8 0
|0 0
|1 0
|4 0
|d 2014-10-10
|l 0
|r 2026-02-24 09:09:30
|w 2026-02-24
|